Aus seiner Fülle haben wir alle empfangen: Grundrib der Gnadenlehre
Сохранить в:
| Главный автор: | |
|---|---|
| Формат: | |
| Язык: | немецкий |
| Опубликовано: |
Düsseldorf
Patmos
1989
|
| Редактирование: | 1a. ed |
| Предметы: | |
| Метки: |
Добавить метку
Нет меток, Требуется 1-ая метка записи!
|
MARC
| LEADER | 00000cam a2200000 a 4500 | ||
|---|---|---|---|
| 001 | UCE8250 | ||
| 003 | CL-VaPUC | ||
| 008 | 150728e19890000gw |||||||||||||||||ger|d | ||
| 020 | |a 3491777755 | ||
| 082 | 0 | 4 | |a 220 |b GAN |2 21 |
| 100 | |a Ganoczy, Alexandre |e author |9 580993 | ||
| 245 | 1 | 0 | |a Aus seiner Fülle haben wir alle empfangen: Grundrib der Gnadenlehre |
| 250 | |a 1a. ed | ||
| 300 | |a 375 p | ||
| 942 | |c BK | ||
| 945 | |d 20150728 02:04:00 |a gsalatino | ||
| 260 | |a Düsseldorf |b Patmos |c 1989 | ||
| 600 | 0 | |a Dios |9 314467 | |
| 650 | 0 | |a Teología |9 258766 | |
| 650 | 0 | |a Antiguo testamento |9 313678 | |
| 650 | 0 | |a Nuevo testamento |9 257604 | |
| 583 | |a last modification |c 20150728 02:04:00 |k Rodrigo Vera | ||
| 999 | |c 360189 |d 360187 | ||
| 952 | |0 0 |1 0 |3 erd |4 0 |6 220_000000000000000_GAN_1989 |7 0 |8 A |9 469841 |a BIBTEO |b BIBTEO |e Casale Rolle, Carlos Ignacio, -2014 |i 5184789 |l 1 |o 220 GAN 1989 |p 5184789 |r 2025-01-17 |s 2023-03-14 |w 2019-11-23 |y BK |z Catalogado en:20150728 |k ICR | ||